1091 1222 1039 1981 1860 1128 1113 1626 1839 1163 1283 1681 1403 1434 1971 1702 1163 1653 1218 1402 1907 1494 1990 1596 1324 1408 1437 1487 1454 1633 1897 1487 1258 1262 1774 1554 1194 1701 1168 1012 1055 1101 1509 1333 1509 1388 1300 1465 1015 1035 1391 1469 1638 1770 1467 1299 1202 1015 1989 1674 1313 1902 1939 1172 1093 1743 1796 1069 1382 1240 1621 1371 1940 1534 1735 1424 1271 1661 1693 1163 1040 1270 1118 1270 1179 1349 1049 1624 1106 1917 1366 1889 1667 1847 1382 1146 1916 1258 1757 BCNSPRNW ULIB Ver.6.0+V

เปลี่ยนเป็นภาษาไทย

Change to English
 แสดงรายละเอียดบรรณานุกรม
  กลับหน้าหลัก

Brief Record : Get Marc (ISO 2709) : E-mail record : QR code < ปิดหน้าต่าง
LEADER : 00000nam 2200000uu 4500
001    13399110982
003     ULIB
008    110614s||||||||th 000 0 tha d
020    9748212459 (ล.3)
050  4 AC159^bส631น ล.3 2543
245 00 108 ซองคำถาม.^nเล่ม 3 /^cประวิทย์ สุวณิชย์, บรรณาธิการ
250    พิมพ์ครั้งที่ 3
260    กรุงเทพฯ :^bสารคดี,^c2543
300    205 หน้า :^bภาพประกอบ
650  4 ความรู้ทั่วไป
650  4 รวมเรื่อง
650  4 คำถามและคำตอบ
700 0  ประวิทย์ สุวณิชย์
945    ^p95^l0^i015941
995    ทศพร
999 ^a ใช้งานได้ทุกระบบ
รายการนี้ยังไม่มีแท็ก
คุณยังไม่ได้ล็อกอิน คุณสามารถมีกิจกรรมร่วมกับเว็บไซต์ได้ แต่ต้องล็อกอินก่อน ::
  ล็อกอิน

รายการสื่อสารสนเทศ

ลำดับที่ ประเภท เลขเรียก/บาร์โค้ด สถานที่ สถานะ
- ไม่พบข้อมูล -

รายการใกล้เคียง
    หัวเรื่อง [ความรู้ทั่วไป]
    หัวเรื่อง [รวมเรื่อง]
    หัวเรื่อง [คำถามและคำตอบ]

BibComment


ยังไม่เคยถูกคอมเมนท์

คอมเมนท์ทรัพยากรรายการนี้
  คอมเมนท์: 108 ซองคำถาม เล่ม..


 Copyright 2026. Bcnsprnw @Library